000 00467cam a2200205 4500
001 D12960
008 090401t1947 xxu||||| |||| 00| 0 eng d
035 _a(Sirsi) u6855
041 _aeng
100 _aHill, H.A.
245 4 _aThe complete law of housing
250 _a4th
260 _aLondon
_bButterworth
_c1947
300 _axlvi. 828. 52p. 25cm
350 _a0
520 _aShelf 116
700 _aKerrigan, D.P.
942 _n0
948 _c04/03/1997
999 _c86358
_d86358